[Event "San Vicente op 9th"]
[Site "San Vicente"]
[Date "2025.04.21"]
[Round "9"]
[White "Barp, Alberto"]
[Black "Castellanos Rodriguez, Renier"]
[Result "1/2-1/2"]
[WhiteElo "2413"]
[BlackElo "2471"]
[PlyCount "55"]
[EventDate "2025.04.16"]
[EventType "swiss"]
[EventRounds "9"]
[EventCountry "ESP"]
[SourceTitle "CB17_2025"]
[SourceDate "2025.04.23"]
[SourceVersion "1"]
[SourceVersionDate "2025.04.23"]
[SourceQuality "1"]

1. d4 Nf6 2. c4 g6 3. Nc3 Bg7 4. e4 d6 5. Nf3 0-0 6. Be2 Nbd7 7. 0-0 e5 8. Qc2 Re8 9. Be3 exd4 10. Nxd4 c6 11. Rad1 Qe7 12. f3 a5 13. Rfe1 Nc5 14. b3 Nh5 15. Bf1 Be5 16. Qf2 Nf4 17. Kh1 h5 18. g3 Nfe6 19. f4 Bg7 20. Bg2 h4 21. Bf3 hxg3 22. hxg3 Nd7 23. Qh2 Nec5 24. Bg1 Nf8 25. Qd2 Nh7 26. Qh2 Nf8 27. Qd2 Nh7 28. Qh2 1/2-1/2

[Event "San Vicente op 9th"]
[Site "San Vicente"]
[Date "2025.04.20"]
[Round "7"]
[White "Barp, Alberto"]
[Black "Sahithi Varshini, M."]
[Result "1-0"]
[WhiteElo "2413"]
[BlackElo "2301"]
[PlyCount "41"]
[EventDate "2025.04.16"]
[EventType "swiss"]
[EventRounds "9"]
[EventCountry "ESP"]
[SourceTitle "CB17_2025"]
[SourceDate "2025.04.23"]
[SourceVersion "1"]
[SourceVersionDate "2025.04.23"]
[SourceQuality "1"]

1. d4 Nf6 2. c4 e6 3. g3 d5 4. Bg2 h6 5. Nf3 Bd6 6. 0-0 0-0 7. b3 b6 8. Bb2 Bb7 9. Nc3 Nbd7 10. Rc1 Re8 11. Qc2 dxc4 12. bxc4 e5 13. dxe5 Nxe5 14. Nxe5 Bxg2 15. Nxf7 Kxf7 16. Kxg2 Qe7 17. e4 c6 18. f4 Bb4 19. e5 Nd7 20. Ne4 Kg8 21. Rcd1 1-0

[Event "ITA-chT Final 56th"]
[Site "Darfo Boario Terme"]
[Date "2025.04.10"]
[Round "6.3"]
[White "Godena, Michele"]
[Black "Barp, Alberto"]
[Result "1/2-1/2"]
[WhiteElo "2430"]
[BlackElo "2413"]
[PlyCount "93"]
[EventDate "2025.04.07"]
[EventType "team-swiss"]
[EventRounds "9"]
[EventCountry "ITA"]
[SourceTitle "CB16_2025"]
[SourceDate "2025.04.16"]
[SourceVersion "1"]
[SourceVersionDate "2025.04.16"]
[SourceQuality "1"]
[WhiteTeam "Lazio Scacchi"]
[BlackTeam "Pedone Isolano"]
[WhiteTeamCountry "ITA"]
[BlackTeamCountry "ITA"]

1. e4 e5 2. Nf3 Nc6 3. Nc3 Nf6 4. d4 exd4 5. Nxd4 Bb4 6. Nxc6 bxc6 7. Bd3 d5 8. exd5 0-0 9. 0-0 Bg4 10. Ne2 cxd5 11. h3 Bh5 12. c4 dxc4 13. Bxc4 Qxd1 14. Rxd1 Bc5 15. Kf1 Rfe8 16. f3 Rab8 17. b3 Rbd8 18. Bf4 c6 19. Bc7 Rd7 20. Rxd7 Nxd7 21. Nf4 Bg6 22. Rd1 Nb6 23. Ba6 Bb4 24. Bb7 c5 25. Nxg6 hxg6 26. Rd8 Rxd8 27. Bxd8 f6 28. Bc7 Kf7 29. Bb8 a5 30. Bc7 Nd7 31. Bf4 g5 32. Bc1 Ne5 33. Ke2 Bc3 34. g3 Ke7 35. f4 gxf4 36. gxf4 Nf7 37. Kd3 Be1 38. Ke2 Bc3 39. Kd3 Be1 40. Bd5 Nd6 41. Ke2 Bc3 42. Kd3 Be1 43. a3 Nc8 44. Ke2 Bc3 45. Kd3 Be1 46. Ke2 Bc3 47. Kd3 1/2-1/2

[Event "Cappelle op 41st"]
[Site "Cappelle la Grande"]
[Date "2025.02.20"]
[Round "8"]
[White "Barp, Alberto"]
[Black "Kurmangaliyeva, Liya"]
[Result "1-0"]
[WhiteElo "2437"]
[BlackElo "2251"]
[PlyCount "79"]
[EventDate "2025.02.15"]
[EventType "swiss"]
[EventRounds "9"]
[EventCountry "FRA"]
[SourceTitle "CB09_2025"]
[SourceDate "2025.02.27"]
[SourceVersion "1"]
[SourceVersionDate "2025.02.27"]
[SourceQuality "1"]

1. d4 d5 2. c4 e6 3. Nf3 Nf6 4. g3 Bb4+ 5. Bd2 Be7 6. Bg2 0-0 7. 0-0 c6 8. Qc2 Nbd7 9. b4 Ne4 10. Be1 f5 11. a4 g5 12. a5 Bf6 13. Qb2 Qe7 14. e3 Qg7 15. Nc3 h5 16. Ne2 g4 17. Nh4 Nd6 18. cxd5 exd5 19. b5 Bxh4 20. gxh4 Nf6 21. Bb4 Rd8 22. Bxd6 Rxd6 23. Qb4 Rd8 24. Nf4 Bd7 25. a6 Rab8 26. bxc6 bxc6 27. Qc5 Bc8 28. Rfb1 Rxb1+ 29. Rxb1 Qd7 30. Rb8 Ne8 31. Ra8 Qd6 32. Rxa7 Qxc5 33. dxc5 Rd7 34. Rxd7 Bxd7 35. a7 Nc7 36. Nxd5 cxd5 37. Bxd5+ Kf8 38. a8Q+ Nxa8 39. Bxa8 Ke7 40. Kg2 1-0

[Event "Cappelle op 41st"]
[Site "Cappelle la Grande"]
[Date "2025.02.15"]
[Round "1"]
[White "Naudion, Gregoire"]
[Black "Barp, Alberto"]
[Result "1-0"]
[WhiteElo "2136"]
[BlackElo "2437"]
[PlyCount "53"]
[EventDate "2025.02.15"]
[EventType "swiss"]
[EventRounds "9"]
[EventCountry "FRA"]
[SourceTitle "CB09_2025"]
[SourceDate "2025.02.27"]
[SourceVersion "1"]
[SourceVersionDate "2025.02.27"]
[SourceQuality "1"]

1. d4 Nf6 2. c4 e6 3. g3 d5 4. Bg2 Bb4+ 5. Nd2 0-0 6. Ngf3 dxc4 7. Qc2 a5 8. a3 Bxd2+ 9. Bxd2 b5 10. a4 c6 11. h4 Nbd7 12. h5 h6 13. g4 Nxg4 14. axb5 Bb7 15. bxc6 Bxc6 16. Ng5 hxg5 17. Bxc6 Rc8 18. Bf3 Nh6 19. Rg1 f6 20. Bxa5 Qe7 21. Bc3 Nb6 22. Qg6 Rcd8 23. Ra6 Rb8 24. d5 Nxd5 25. Be4 Nf5 26. Bxd5 Nh4 27. Rxe6 1-0

[Event "Titled Tuesday intern op 04th Feb Early"]
[Site "Chess.com INT"]
[Date "2025.02.04"]
[Round "3"]
[White "Tabatabaei, Mohammad Amin"]
[Black "Barp, Alberto"]
[Result "1/2-1/2"]
[WhiteElo "2666"]
[BlackElo "2437"]
[PlyCount "160"]
[EventDate "2025.02.04"]
[EventType "swiss (blitz)"]
[EventRounds "11"]
[EventCountry "USA"]
[SourceTitle "CB07_2025"]
[SourceDate "2025.02.12"]
[SourceVersion "1"]
[SourceVersionDate "2025.02.12"]
[SourceQuality "1"]

1. Nf3 Nf6 2. b3 g6 3. Bb2 Bg7 4. g3 c5 5. c4 0-0 6. Bg2 Nc6 7. 0-0 d6 8. d4 cxd4 9. Nxd4 Bd7 10. Nc3 Nxd4 11. Qxd4 Bc6 12. Rfd1 Ne4 13. Qe3 Nxc3 14. Bxc3 Bxc3 15. Qxc3 Bxg2 16. Kxg2 Qc7 17. Rac1 a6 18. h4 Qc6+ 19. Kg1 h5 20. Qe3 Rfe8 21. Rd4 Qc5 22. Qd2 Qf5 23. Rd5 Qf6 24. a4 Rac8 25. a5 Rc6 26. Rd1 Rb8 27. Qe3 b6 28. R1d3 bxa5 29. Rxa5 Rcb6 30. Kg2 Qe6 31. Qf3 Kg7 32. Rad5 Qf6 33. Qe3 Qe6 34. Qd4+ Qf6 35. Qe3 Qe6 36. c5 dxc5 37. Re5 Qf6 38. Rxe7 Rxb3 39. Rxb3 Rxb3 40. Qxc5 Rb5 41. Qa3 Rf5 42. f3 Re5 43. Rxe5 Qxe5 44. e4 a5 45. Qa4 Qb2+ 46. Kh3 Qb4 47. Qa1+ Kg8 48. Qf6 a4 49. e5 Qc4 50. Qd8+ Kg7 51. Qf6+ Kg8 52. g4 hxg4+ 53. fxg4 Qb3+ 54. Kg2 a3 55. h5 gxh5 56. gxh5 Qc3 57. Qg5+ Kf8 58. Qd8+ Kg7 59. Qf6+ Kg8 60. h6 Qc2+ 61. Kf3 Qd3+ 62. Kf2 Qd4+ 63. Ke2 Qe4+ 64. Kd2 Qd4+ 65. Kc2 Qc4+ 66. Kd1 Qd3+ 67. Ke1 Qe3+ 68. Kf1 Qh3+ 69. Kf2 Qh2+ 70. Ke3 Qg1+ 71. Kd3 a2 72. h7+ Kxh7 73. Qxf7+ Kh6 74. Qf4+ Qg5 75. Qh2+ Kg6 76. Qxa2 Kf5 77. Qd5 Qg3+ 78. Kd4 Qf4+ 79. Kd3 Qxe5 80. Qxe5+ Kxe5 1/2-1/2

[Event "Turin op 54th"]
[Site "Turin"]
[Date "2025.01.02"]
[Round "3"]
[White "Carnicelli, Valerio"]
[Black "Barp, Alberto"]
[Result "1/2-1/2"]
[WhiteElo "2362"]
[BlackElo "2444"]
[PlyCount "36"]
[EventDate "2024.12.30"]
[EventType "swiss"]
[EventRounds "9"]
[EventCountry "ITA"]
[SourceTitle "CB02_2025"]
[SourceDate "2025.01.08"]
[SourceVersion "1"]
[SourceVersionDate "2025.01.08"]
[SourceQuality "1"]

1. e4 e6 2. d4 d5 3. Nc3 Nf6 4. e5 Nfd7 5. f4 c5 6. Nf3 Nc6 7. Be3 a6 8. Qd2 b5 9. dxc5 Bxc5 10. Bd3 Qb6 11. Bf2 h6 12. 0-0 Bxf2+ 13. Rxf2 0-0 14. Re1 f6 15. Nd1 fxe5 16. fxe5 Nc5 17. Ne3 Ra7 18. Ng4 Nxd3 1/2-1/2

[Event "ITA-ch 83rd"]
[Site "Turin"]
[Date "2024.12.04"]
[Round "8"]
[White "Iermito, Sebastian"]
[Black "Barp, Alberto"]
[Result "1-0"]
[WhiteElo "2517"]
[BlackElo "2442"]
[PlyCount "59"]
[EventDate "2024.11.26"]
[EventType "swiss"]
[EventRounds "11"]
[EventCountry "ITA"]
[EventCategory "8"]
[SourceTitle "CB50_2024"]
[SourceDate "2024.11.01"]
[SourceVersion "1"]
[SourceVersionDate "2024.11.01"]
[SourceQuality "2"]

1. e4 e5 2. Nf3 Nc6 3. Bb5 a6 4. Ba4 Nf6 5. 0-0 b5 6. Bb3 Bc5 7. a4 Rb8 8. Nxe5 Nxe5 9. d4 Bxd4 10. Qxd4 d6 11. Bf4 c5 12. Qe3 0-0 13. Rd1 Qe7 14. Nc3 c4 15. Ba2 Rd8 16. Bg5 Be6 17. f4 Neg4 18. Qd4 h6 19. Bh4 b4 20. Ne2 g5 21. fxg5 Nh7 22. gxh6 f6 23. Bxc4 Bxc4 24. Qxc4+ Kh8 25. Qd4 d5 26. exd5 Qxe2 27. Re1 Qxc2 28. Qxg4 Rg8 29. Qe2 Qc5+ 30. Qf2 1-0

[Event "ITA-ch 83rd"]
[Site "Turin"]
[Date "2024.11.29"]
[Round "4"]
[White "Moroni, Luca Jr"]
[Black "Barp, Alberto"]
[Result "1-0"]
[WhiteElo "2571"]
[BlackElo "2442"]
[PlyCount "67"]
[EventDate "2024.11.26"]
[EventType "swiss"]
[EventRounds "11"]
[EventCountry "ITA"]
[EventCategory "8"]
[SourceTitle "CB50_2024"]
[SourceDate "2024.11.01"]
[SourceVersion "1"]
[SourceVersionDate "2024.11.01"]
[SourceQuality "2"]

1. c4 e6 2. g3 d5 3. Bg2 c5 4. cxd5 exd5 5. d4 Nf6 6. Nf3 Nc6 7. 0-0 Be7 8. dxc5 Bxc5 9. a3 Ne4 10. b4 Be7 11. Bb2 Bf6 12. Qb3 0-0 13. Nbd2 Be6 14. Rac1 Rc8 15. Qa2 Re8 16. Qa1 Bxb2 17. Qxb2 Qb6 18. e3 Rcd8 19. Rfd1 Bf5 20. Nb3 Bg4 21. Nbd4 Na5 22. b5 Nc4 23. Qb4 Qf6 24. h3 Bxf3 25. Bxf3 Ne5 26. Kg2 Rc8 27. Rxc8 Rxc8 28. Qa5 Rc2 29. Rf1 Ra2 30. Bxe4 dxe4 31. b6 Nd3 32. Nf5 Qxb6 33. Qc3 f6 34. Qc4+ 1-0

[Event "EU-Cup 39th"]
[Site "Vrnjacka Banja"]
[Date "2024.10.23"]
[Round "4.2"]
[White "Sahidi, Samir"]
[Black "Barp, Alberto"]
[Result "1-0"]
[WhiteElo "2481"]
[BlackElo "2449"]
[PlyCount "63"]
[EventDate "2024.10.20"]
[EventType "team-swiss"]
[EventRounds "7"]
[EventCountry "SRB"]
[SourceTitle "CB44_2024"]
[Source "Chessbase"]
[SourceDate "2024.10.30"]
[SourceVersion "1"]
[SourceVersionDate "2024.10.30"]
[SourceQuality "1"]
[WhiteTeam "Nitra K CERO"]
[BlackTeam "Pedone Isolano"]
[WhiteTeamCountry "SVK"]
[BlackTeamCountry "ITA"]

1. e4 e5 2. Nf3 Nc6 3. Bb5 a6 4. Ba4 Nf6 5. 0-0 b5 6. Bb3 Bc5 7. c3 d6 8. d4 Bb6 9. h3 0-0 10. Re1 h6 11. Be3 Re8 12. Nbd2 exd4 13. cxd4 Na5 14. Bc2 Bb7 15. b4 Nc4 16. Nxc4 bxc4 17. d5 c6 18. dxc6 Bxc6 19. Bxb6 Qxb6 20. Qxd6 Qb7 21. e5 Rad8 22. Qc5 Nd7 23. Qxc4 Bxf3 24. e6 fxe6 25. gxf3 Nf8 26. Be4 Qb6 27. Qc5 Qxc5 28. bxc5 Nd7 29. Bc6 Rf8 30. Rac1 Kf7 31. Bb7 a5 32. c6 1-0

[Event "Bratislava exe op 2nd"]
[Site "Bratislava"]
[Date "2024.09.21"]
[Round "8"]
[White "Domin, Yan"]
[Black "Barp, Alberto"]
[Result "0-1"]
[WhiteElo "2148"]
[BlackElo "2431"]
[PlyCount "114"]
[EventDate "2024.09.14"]
[EventType "swiss"]
[EventRounds "9"]
[EventCountry "SVK"]
[SourceTitle "EXT 2025"]
[Source "ChessBase"]
[SourceDate "2024.10.14"]
[SourceVersion "1"]
[SourceVersionDate "2024.10.14"]
[SourceQuality "1"]

1. e4 e5 2. Nf3 Nc6 3. Bb5 a6 4. Ba4 g6 5. c3 d6 6. d4 Bd7 7. 0-0 Bg7 8. Be3 Nf6 9. Nbd2 Ng4 10. Bg5 f6 11. Bh4 g5 12. Bg3 0-0 13. h3 Nh6 14. Re1 Nf7 15. Nf1 Qe8 16. Bb3 Kh8 17. Ne3 h5 18. Qd3 Ne7 19. Rad1 Rd8 20. Nd5 Nxd5 21. Bxd5 c6 22. Bb3 Qe7 23. Nd2 b5 24. Nf1 Nh6 25. Ne3 h4 26. Bh2 Bc8 27. a4 Qe8 28. Kh1 g4 29. hxg4 Nxg4 30. Nxg4 Bxg4 31. f3 Bc8 32. f4 Bg4 33. Ra1 Bh6 34. Rf1 Qh5 35. Rf2 f5 36. Raf1 d5 37. dxe5 dxe4 38. Qe3 Rd3 39. Qc5 e3 40. Bc2 exf2 41. Bxd3 h3 42. Rxf2 hxg2+ 43. Kg1 Qh3 44. Qd6 Ra8 45. axb5 axb5 46. Rxg2 Ra1+ 47. Bf1 Rd1 48. Qg6 Bf8 49. Qf6+ Bg7 50. Qg6 Qe3+ 51. Rf2 Rd2 52. Bg3 Qxg3+ 53. Rg2 Rxg2+ 54. Bxg2 Qe3+ 55. Kh1 Qc1+ 56. Kh2 Qxf4+ 57. Kg1 Qe3+ 0-1

[Event "Titled Tuesday intern op 10th Sep Early"]
[Site "Chess,com INT"]
[Date "2024.09.10"]
[Round "11"]
[White "Barp, Alberto"]
[Black "Klukin, Kirill"]
[Result "0-1"]
[WhiteElo "2431"]
[BlackElo "2413"]
[PlyCount "58"]
[EventDate "2024.09.10"]
[EventType "swiss (blitz)"]
[EventRounds "11"]
[EventCountry "USA"]
[SourceTitle "EXT 2025"]
[Source "ChessBase"]
[SourceDate "2024.10.14"]
[SourceVersion "1"]
[SourceVersionDate "2024.10.14"]
[SourceQuality "1"]

1. d4 Nf6 2. Bg5 e6 3. e4 h6 4. Bxf6 Qxf6 5. c3 d6 6. Bd3 Nd7 7. Ne2 g6 8. Nd2 Bg7 9. 0-0 0-0 10. f4 b6 11. Qe1 Bb7 12. Qg3 Qe7 13. Rae1 c5 14. f5 cxd4 15. cxd4 exf5 16. exf5 g5 17. Kh1 Rae8 18. Nc3 Qf6 19. Rxe8 Rxe8 20. Bb5 Re7 21. Bxd7 Rxd7 22. Nde4 Qxd4 23. Qg4 Bxe4 24. Nxe4 Re7 25. Re1 d5 26. f6 Rxe4 27. Rxe4 Qxe4 28. Qxe4 dxe4 29. fxg7 Kxg7 0-1

[Event "Titled Tuesday intern op 10th Sep Early"]
[Site "Chess,com INT"]
[Date "2024.09.10"]
[Round "1"]
[White "Barp, Alberto"]
[Black "Lopez Paniagua, Mario Yber"]
[Result "1-0"]
[WhiteElo "2431"]
[BlackElo "2163"]
[PlyCount "65"]
[EventDate "2024.09.10"]
[EventType "swiss (blitz)"]
[EventRounds "11"]
[EventCountry "USA"]
[SourceTitle "EXT 2025"]
[Source "ChessBase"]
[SourceDate "2024.10.14"]
[SourceVersion "1"]
[SourceVersionDate "2024.10.14"]
[SourceQuality "1"]

1. d4 Nf6 2. c4 e6 3. Nc3 Bb4 4. f3 d5 5. a3 Be7 6. e4 dxe4 7. fxe4 e5 8. d5 Bc5 9. Nf3 Bg4 10. Qd3 Bxf3 11. Qxf3 Nbd7 12. Bd3 0-0 13. Bd2 c6 14. 0-0-0 Rc8 15. Kb1 Bd4 16. g4 Nc5 17. Bc2 a5 18. g5 Nfd7 19. Ne2 Qe7 20. Bc1 Rfd8 21. Rhe1 b5 22. Nxd4 exd4 23. e5 d3 24. Bxd3 Nxd3 25. Qxd3 bxc4 26. Qxc4 cxd5 27. Qxd5 Nf8 28. Qxa5 Rc5 29. Qxd8 Qe6 30. Qd6 Qf5+ 31. Ka1 Rc2 32. Bd2 Qf2 33. Bb4 1-0

[Event "Titled Tuesday intern op 10th Sep Early"]
[Site "Chess,com INT"]
[Date "2024.09.10"]
[Round "9"]
[White "Barp, Alberto"]
[Black "Sargissyan, Sargis"]
[Result "1-0"]
[WhiteElo "2431"]
[BlackElo "2238"]
[PlyCount "67"]
[EventDate "2024.09.10"]
[EventType "swiss (blitz)"]
[EventRounds "11"]
[EventCountry "USA"]
[SourceTitle "EXT 2025"]
[Source "ChessBase"]
[SourceDate "2024.10.14"]
[SourceVersion "1"]
[SourceVersionDate "2024.10.14"]
[SourceQuality "1"]

1. d4 Nf6 2. Bg5 g6 3. Bxf6 exf6 4. e3 d5 5. c4 dxc4 6. Bxc4 Bd6 7. Nc3 c6 8. h4 h5 9. Qc2 f5 10. Nge2 Nd7 11. 0-0-0 Nf6 12. f3 b5 13. Bb3 a5 14. a4 b4 15. Nb1 0-0 16. Nd2 Ba6 17. Rhe1 Rc8 18. Bc4 Qb6 19. Bxa6 Qxa6 20. Nc4 Bb8 21. b3 Rfe8 22. Qd3 Rcd8 23. Kc2 c5 24. Ne5 Qb6 25. Qb5 Qa7 26. Nf4 cxd4 27. exd4 Rxd4 28. Nc6 Rxe1 29. Rxd4 Qc7 30. Qxb8+ Qxb8 31. Nxb8 Kg7 32. Nd7 Nxd7 33. Rxd7 Kf6 34. Rd2 1-0

[Event "Titled Tuesday intern op 10th Sep Early"]
[Site "Chess,com INT"]
[Date "2024.09.10"]
[Round "8"]
[White "Durarbayli, Vasif"]
[Black "Barp, Alberto"]
[Result "1-0"]
[WhiteElo "2626"]
[BlackElo "2431"]
[PlyCount "99"]
[EventDate "2024.09.10"]
[EventType "swiss (blitz)"]
[EventRounds "11"]
[EventCountry "USA"]
[SourceTitle "EXT 2025"]
[Source "ChessBase"]
[SourceDate "2024.10.14"]
[SourceVersion "1"]
[SourceVersionDate "2024.10.14"]
[SourceQuality "1"]

1. e4 e5 2. Nc3 Nf6 3. d4 exd4 4. Qxd4 Nc6 5. Qd3 Bc5 6. Bf4 d6 7. f3 0-0 8. 0-0-0 Be6 9. Qd2 Nd7 10. h4 a6 11. h5 h6 12. g4 f6 13. Be3 b5 14. Nh3 Nde5 15. Bxc5 dxc5 16. Qf2 Nd4 17. Nf4 Bf7 18. Nce2 Qe7 19. Nxd4 cxd4 20. Rxd4 Bxa2 21. Be2 Bf7 22. Rhd1 Rad8 23. Nd5 Bxd5 24. exd5 f5 25. gxf5 Rxf5 26. f4 Rdf8 27. Qg3 Nd7 28. Bg4 R5f6 29. Be6+ Kh8 30. b4 a5 31. bxa5 Nc5 32. f5 Nxe6 33. dxe6 Rxf5 34. Rd7 Qf6 35. Kb1 Rg5 36. Qh3 Re5 37. Rxc7 Rxe6 38. Qg4 Rfe8 39. Qb4 Qf3 40. Rcd7 Qg3 41. Qd4 Re4 42. Qb2 Qg4 43. R7d4 Rxd4 44. Qxd4 Qxh5 45. Qd7 Qg6 46. a6 Re2 47. Qc8+ Kh7 48. a7 Qf6 49. a8Q Rxc2 50. Qxc2+ 1-0

[Event "Titled Tuesday intern op 10th Sep Early"]
[Site "Chess,com INT"]
[Date "2024.09.10"]
[Round "3"]
[White "Ilamparthi, AR."]
[Black "Barp, Alberto"]
[Result "0-1"]
[WhiteElo "2457"]
[BlackElo "2431"]
[PlyCount "52"]
[EventDate "2024.09.10"]
[EventType "swiss (blitz)"]
[EventRounds "11"]
[EventCountry "USA"]
[SourceTitle "EXT 2025"]
[Source "ChessBase"]
[SourceDate "2024.10.14"]
[SourceVersion "1"]
[SourceVersionDate "2024.10.14"]
[SourceQuality "1"]

1. e4 c5 2. b4 cxb4 3. a3 b3 4. cxb3 e5 5. Nf3 Nc6 6. Bb2 Nf6 7. Nc3 Bc5 8. b4 Bb6 9. Bc4 d6 10. d3 0-0 11. h3 Be6 12. 0-0 Rc8 13. Bxe6 fxe6 14. Na4 Bc7 15. Qb3 Qe8 16. Ng5 Nd8 17. Rac1 h6 18. Nf3 Nh5 19. d4 Nf4 20. Rfe1 b5 21. Nc3 Qg6 22. Nh4 Nxh3+ 23. Kh2 Qg4 24. gxh3 Rxf2+ 25. Kh1 Qxh3+ 26. Kg1 Qh2# 0-1

[Event "Titled Tuesday intern op 10th Sep Early"]
[Site "Chess,com INT"]
[Date "2024.09.10"]
[Round "2"]
[White "Kovalenko, Igor"]
[Black "Barp, Alberto"]
[Result "0-1"]
[WhiteElo "2674"]
[BlackElo "2431"]
[PlyCount "58"]
[EventDate "2024.09.10"]
[EventType "swiss (blitz)"]
[EventRounds "11"]
[EventCountry "USA"]
[SourceTitle "EXT 2025"]
[Source "ChessBase"]
[SourceDate "2024.10.14"]
[SourceVersion "1"]
[SourceVersionDate "2024.10.14"]
[SourceQuality "1"]

1. e4 c5 2. Nf3 a6 3. c3 d5 4. exd5 Nf6 5. d4 cxd4 6. cxd4 Nxd5 7. Bd3 Nc6 8. 0-0 Bg4 9. Nc3 e6 10. Be4 Be7 11. h3 Bh5 12. Re1 0-0 13. Qd3 Bg6 14. Nxd5 exd5 15. Bxg6 hxg6 16. Qb3 Na5 17. Qd3 Nc6 18. Bd2 Bf6 19. Re2 Qd7 20. Rae1 Rfe8 21. Ne5 Bxe5 22. dxe5 d4 23. f4 Rad8 24. Kh2 Qd5 25. a3 g5 26. fxg5 Rxe5 27. g6 fxg6 28. Qxg6 Rxe2 29. Rxe2 d3 0-1